| 000 | 00727nas a2200265 4500 | ||
|---|---|---|---|
| 001 | BR9203089 | ||
| 003 | BR-BrBNA | ||
| 005 | 20231205092609.0 | ||
| 007 | ta | ||
| 008 | 230509b bl.|||p| |||| 00| 00por d | ||
| 040 |
_aBR-BrBNA _bpor _cBiblioteca Nacional de Agricultura |
||
| 041 | _a(Pt) | ||
| 072 | _aF30; Q02 | ||
| 100 | 1 | _aCavalcante, A.L. | |
| 245 | 1 | _aUrucum: bons negocios a vista | |
| 650 | _aURUCUM | ||
| 650 | _aPLANTA CORANTE | ||
| 650 | _aADITIVO | ||
| 650 | _aCORANTE | ||
| 650 | _aINTRODUCAO DE PLANTA | ||
| 650 | _aMINAS GERAIS | ||
| 773 | 0 |
_tManchete Rural (Brazil) _xISSN 0102-8901 _g(Oct 1989), v. 3(31) p. 52-54 _wBR9203089 |
|
| 909 |
_a202311 _bLúcia _c55 _dLúcia Elande |
||
| 942 |
_2AGRIS _n0 _cANA |
||
| 999 |
_c132769 _d132769 |
||